MARC

LEADER 00000nam0a2200000 4500
001 323594
005 20231102003602.0
035 |a (RuTPU)RU\TPU\book\349181 
090 |a 323594 
100 |a 20161024d1941 m y0rusy50 ca 
101 0 |a rus 
102 |a RU 
105 |a a j 001zy 
200 1 |a Лабораторные исследования физических и водных свойств грунтов  |e методическое пособие  |f А. М. Васильев   |g Государственный трест специального геологического картирования СПЕЦГЕО 
210 |a Москва  |a Ленинград  |c Госгеолиздат  |d 1941 
215 |a 152 с.  |c ил. 
225 1 |a Труды Государственного треста специального геологического картирования СПЕЦГЕО  |v Вып. 13 
225 1 |a Лабораторные исследования при инженерно-геологических работах  |v Вып. 5 
320 |a Библиогр.: с. 137-140 
606 1 |a Грунты  |x Физико-механические свойства  |2 stltpush  |3 (RuTPU)RU\TPU\subj\8805  |9 36145 
610 1 |a гранулометрический состав 
610 1 |a гранулометрический ситовый анализ 
610 1 |a пипеточный анализ 
610 1 |a ареометры 
610 1 |a удельный вес 
610 1 |a объемный вес 
610 1 |a пористость 
610 1 |a пластичность 
610 1 |a усадка 
610 1 |a набухание 
610 1 |a влажность 
610 1 |a капиллярные свойства 
610 1 |a фильтрационные свойства 
610 1 |a методические пособия 
675 |a 624.131.4(075)  |v 4 
700 1 |a Васильев  |b А. М. 
712 0 2 |a Государственный трест специального геологического картирования СПЕЦГЕО  |2 stltpush  |3 (RuTPU)RU\TPU\col\27217 
801 1 |a RU  |b 63413507  |c 20161024 
801 2 |a RU  |b 63413507  |c 20200211  |g RCR 
942 |c BK